000 01347cam a2200349 i 4500
001 30728
003 Mx-PuUPA
005 20251024115602.0
008 140415s1993 ck gr 000 0 spa d
020 _a9580421153
040 _cMx-PuUPA
_aMx-PuUPA
_bspa
_dMx-PuUPA
_erda
041 1 _aspa
_heng
100 1 _aKriegel, Robert J.,
_eautor
_917621
240 1 _aIf it ain't broke, break it.
_lEspañol
245 1 0 _aSi no está roto, rómpalo :
_bideas no convencionales para un mundo de negocios cambiante /
_cRobert J. Kriegel y Louis Patler, traducción, Gloria Rosas
264 1 _aBogotá, Colombia :
_bEditorial Norma,
_c©1993
300 _a358 páginas ;
_c22 cm
336 _2rdacontent
_atexto
_btxt
337 _2rdamedia
_asin medio
_bn
338 _2rdacarrier
_avolumen
_bnc
490 0 _aDesarrollo Gerencial
650 7 _2armarc
_aÉxito en los negocios
650 7 _2armarc
_aEstres laboral
650 7 _2armarc
_aCambio organizacional
700 1 _aPatler, Louis,
_eautor
700 1 _aRosas, Gloria,
_etraductor
765 0 _aKriegel, Robert J.,
_dNew York, NY : Warner Books, ©1991
_tIf it ain't broke, break it.
942 _2ddc
_cLI
_h658.4063
_iK2518
999 _c30728
_d30728